000 00754nam a2200229Ii 4500
003 JO-AjNU
008 230605s9999||||xx |||||||||||||| ||und||
017 _a1992/4841
020 _a977-00-3471-1
040 _aJO-AjNU
_bara
_erda
_cJO-AjNU
041 _aara
050 1 4 _aBP173.6.H86 1992
100 3 _aأمين، حسين أحمد,
_eauthor
_936115
245 0 0 _aحول الدعوة الى تطبيق الشريعة الإسلامية ودراسات إسلامية أخرى
250 _aط3
264 3 1 _aالكويت: دار سعاد الصباح، 1992
300 _a233ص
336 _atext
_btxt
_2rdacontent
337 _aunmediated
_bn
_2rdamedia
338 _avolume
_bnc
_2rdacarrier
650 4 _aالاسلام والدولة
_936116
999 _aA14975
_c18543
_d18543